[Event "Tsaghkadzor op"]
[Site "Tsaghkadzor"]
[Date "2017.11.23"]
[Round "1"]
[White "Bosiocic, Marin"]
[Black "Fendereski, Nima"]
[Result "1-0"]
[WhiteElo "2597"]
[BlackElo "2294"]
[PlyCount "69"]
[EventDate "2017.11.23"]
[EventType "swiss"]
[EventRounds "9"]
[EventCountry "ARM"]
[SourceTitle "CBM 181 Extra"]
[Source "ChessBase"]
[SourceDate "2017.12.12"]
[SourceVersion "1"]
[SourceVersionDate "2017.12.12"]
[SourceQuality "1"]

1. d4 Nf6 2. c4 e6 3. Nf3 d5 4. g3 dxc4 5. Bg2 c5 6. 0-0 Nc6 7. Qa4 cxd4 8. Nxd4 Qxd4 9. Bxc6+ Bd7 10. Bxd7+ Qxd7 11. Qxc4 Rc8 12. Qb3 Qd5 13. Qa4+ b5 14. Qa5 Qb7 15. a4 b4 16. Be3 a6 17. Nd2 Nd5 18. Bd4 e5 19. e4 exd4 20. Qxd5 Qxd5 21. exd5 Rc2 22. Rad1 Bd6 23. b3 Kd7 24. Ne4 Rb2 25. Rxd4 Rxb3 26. Rc1 f5 27. Nxd6 Kxd6 28. Rc6+ Kd7 29. Rxa6 Rb1+ 30. Kg2 Rb8 31. a5 Rb5 32. d6 b3 33. Ra7+ Kd8 34. Rxg7 Re1 35. d7 1-0

[Event "Tehran Paytakht Cup 1st"]
[Site "Tehran"]
[Date "2016.10.27"]
[Round "3"]
[White "Fendereski, Nima"]
[Black "Rasulov, Vugar Ural Oglu"]
[Result "1/2-1/2"]
[WhiteElo "2303"]
[BlackElo "2501"]
[PlyCount "96"]
[EventDate "2016.10.25"]
[EventType "swiss"]
[EventRounds "9"]
[EventCountry "IRI"]
[SourceTitle "EXT 2018"]
[Source "ChessBase"]
[SourceDate "2017.10.13"]
[SourceVersion "1"]
[SourceVersionDate "2017.10.13"]
[SourceQuality "1"]

1. e4 c5 2. Nf3 e6 3. d4 cxd4 4. Nxd4 a6 5. Bd3 d5 6. exd5 Qxd5 7. 0-0 Nf6 8. Nc3 Qd8 9. Bg5 Be7 10. Nf3 Nc6 11. Qe2 0-0 12. Rfd1 Qa5 13. Ne4 Nd5 14. c4 Ndb4 15. Bxe7 Nxe7 16. Bb1 Nbc6 17. a3 Ng6 18. Nd6 Qh5 19. Nd4 Qxe2 20. Nxe2 Rd8 21. Be4 Kf8 22. c5 Rb8 23. b4 Ke7 24. Rd2 Bd7 25. Rad1 f5 26. Bc2 b6 27. cxb6 Rxb6 28. f4 Rbb8 29. Ba4 Nce5 30. Bb3 Nc6 31. Ba4 Nf8 32. Nc4 Rdc8 33. Rc1 Ne5 34. Nxe5 Bxa4 35. Kf2 Ng6 36. Nxg6+ hxg6 37. Rc3 Rxc3 38. Nxc3 Bc6 39. Ke3 Rc8 40. Rc2 Bb7 41. g3 Kd6 42. Rc1 e5 43. fxe5+ Kxe5 44. Ne2 Re8 45. h4 Kf6+ 46. Kf2 Re7 47. Rd1 g5 48. Rc1 Ke5 1/2-1/2

[Event "Baku op"]
[Site "Baku"]
[Date "2016.09.21"]
[Round "4"]
[White "Fendereski, Nima"]
[Black "Soyunlu, Narmin Asat Qizi"]
[Result "1-0"]
[WhiteElo "2238"]
[BlackElo "2095"]
[PlyCount "61"]
[EventDate "2016.09.18"]
[EventType "swiss"]
[EventRounds "9"]
[EventCountry "AZE"]
[SourceTitle "CBM 174 Extra"]
[Source "ChessBase"]
[SourceDate "2016.10.10"]
[SourceVersion "1"]
[SourceVersionDate "2016.10.10"]
[SourceQuality "1"]

1. e4 e6 2. d4 d5 3. Nc3 Nf6 4. e5 Nfd7 5. f4 c5 6. Nf3 Nc6 7. Be3 Be7 8. Qd2 0-0 9. dxc5 Bxc5 10. 0-0-0 Qa5 11. a3 Bxe3 12. Qxe3 Rb8 13. Bd3 f6 14. exf6 Nxf6 15. Ne5 Rd8 16. Qh3 Qc7 17. Rde1 b5 18. g4 b4 19. Nxc6 Qxc6 20. g5 e5 21. Qh4 e4 22. gxf6 Bf5 23. Bb5 Qc7 24. Rhg1 g6 25. axb4 d4 26. Nxe4 d3 27. Bxd3 Rxd3 28. f7+ Kg7 29. Qf6+ Kf8 30. Qh8+ Ke7 31. Nc5+ 1-0

[Event "Baku op"]
[Site "Baku"]
[Date "2016.09.20"]
[Round "3"]
[White "Paramzina, Anastasya"]
[Black "Fendereski, Nima"]
[Result "1-0"]
[WhiteElo "2164"]
[BlackElo "2238"]
[PlyCount "47"]
[EventDate "2016.09.18"]
[EventType "swiss"]
[EventRounds "9"]
[EventCountry "AZE"]
[SourceTitle "CBM 174 Extra"]
[Source "ChessBase"]
[SourceDate "2016.10.10"]
[SourceVersion "1"]
[SourceVersionDate "2016.10.10"]
[SourceQuality "1"]

1. e4 c5 2. Nf3 e6 3. d4 cxd4 4. Nxd4 a6 5. Bd3 Nf6 6. 0-0 Qc7 7. Qe2 d6 8. Be3 g6 9. c4 Bg7 10. Nc3 Nc6 11. Rfd1 0-0 12. Rac1 Ne5 13. f3 Nfd7 14. b3 Nxd3 15. Qxd3 Ne5 16. Qd2 f5 17. exf5 gxf5 18. Nde2 Nf7 19. Nf4 Bd7 20. Nh5 Bc6 21. Nd5 Qd8 22. Bb6 Bh6 23. Qc3 Qg5 24. f4 1-0

[Event "Baku op"]
[Site "Baku"]
[Date "2016.09.18"]
[Round "1"]
[White "Guliev, Sarhan"]
[Black "Fendereski, Nima"]
[Result "1-0"]
[WhiteElo "2416"]
[BlackElo "2238"]
[PlyCount "117"]
[EventDate "2016.09.18"]
[EventType "swiss"]
[EventRounds "9"]
[EventCountry "AZE"]
[SourceTitle "CBM 174 Extra"]
[Source "ChessBase"]
[SourceDate "2016.10.10"]
[SourceVersion "1"]
[SourceVersionDate "2016.10.10"]
[SourceQuality "1"]

1. d4 Nf6 2. c4 e6 3. Nc3 Bb4 4. e3 b6 5. Nge2 Ba6 6. Ng3 0-0 7. e4 d5 8. cxd5 Bxf1 9. Kxf1 Bxc3 10. bxc3 exd5 11. e5 Ne4 12. f3 Nxg3+ 13. hxg3 f5 14. Qd3 Qd7 15. g4 Nc6 16. Ba3 Rf7 17. Re1 Re8 18. Rh5 g6 19. gxf5 Rxf5 20. Rxf5 Qxf5 21. Qxf5 gxf5 22. Kf2 Nd8 23. Rh1 Kg7 24. Bc1 Nf7 25. Rh4 Nh8 26. Rh5 c5 27. Rxf5 cxd4 28. cxd4 Rc8 29. Bg5 Ng6 30. e6 Rc2+ 31. Kg3 Re2 32. Rxd5 Rxe6 33. Rd7+ Kg8 34. Rxa7 Rd6 35. Bh6 Rxd4 36. Rg7+ Kh8 37. Rb7 Kg8 38. Rxb6 Ra4 39. Rb2 Ne7 40. Bd2 Nf5+ 41. Kf2 Nd6 42. Rc2 Nf5 43. Bc1 Kf7 44. a3 Ra6 45. Rc7+ Kg6 46. Rc4 h5 47. a4 Nd6 48. Rc5 Nb7 49. Rg5+ Kf6 50. Rxh5 Rxa4 51. g4 Rc4 52. Be3 Kg7 53. Rd5 Rb4 54. f4 Kf7 55. Kf3 Ke6 56. Re5+ Kf7 57. f5 Nd6 58. Bc5 Rb3+ 59. Kf4 1-0

[Event "Avicenna op 13th"]
[Site "Hamedan"]
[Date "2016.08.27"]
[Round "5"]
[White "Fendereski, Nima"]
[Black "Khusenkhojaev, Muhammad"]
[Result "1-0"]
[WhiteElo "2221"]
[BlackElo "2436"]
[PlyCount "65"]
[EventDate "2016.08.24"]
[EventType "swiss"]
[EventRounds "9"]
[EventCountry "IRI"]
[SourceTitle "CBM 174 Extra"]
[Source "ChessBase"]
[SourceDate "2016.10.10"]
[SourceVersion "1"]
[SourceVersionDate "2016.10.10"]
[SourceQuality "1"]

1. e4 e6 2. d4 d5 3. Nc3 Nf6 4. e5 Nfd7 5. f4 c5 6. Nf3 a6 7. Be3 Qb6 8. Rb1 Nc6 9. Qd2 cxd4 10. Nxd4 Qc7 11. Be2 b5 12. 0-0 Nxd4 13. Bxd4 Bc5 14. a3 0-0 15. Kh1 Bb7 16. Bxc5 Qxc5 17. Bd3 f6 18. exf6 Rxf6 19. Ne2 Raf8 20. Nd4 g6 21. c3 Qd6 22. g3 Nc5 23. Kg1 Ne4 24. Qe3 R8f7 25. Nf3 h6 26. Bxe4 dxe4 27. Ne5 Rh7 28. Rbd1 Qc7 29. Qd4 Qg7 30. Qd6 Bd5 31. Rxd5 exd5 32. Qxd5+ Kh8 33. Qd8+ 1-0

[Event "Sardaran op 5th"]
[Site "Urmia"]
[Date "2016.07.25"]
[Round "6"]
[White "Fendereski, Nima"]
[Black "Idani, Pouya"]
[Result "0-1"]
[WhiteElo "2159"]
[BlackElo "2560"]
[PlyCount "68"]
[EventDate "2016.07.22"]
[EventType "swiss"]
[EventRounds "9"]
[EventCountry "IRI"]
[SourceTitle "CBM 173 Extra"]
[Source "ChessBase"]
[SourceDate "2016.08.29"]
[SourceVersion "1"]
[SourceVersionDate "2016.08.29"]
[SourceQuality "1"]

1. e4 c5 2. Nf3 d6 3. c3 Nf6 4. Be2 g6 5. 0-0 Bg7 6. Bb5+ Nc6 7. Re1 0-0 8. d4 cxd4 9. cxd4 Bg4 10. d5 Bxf3 11. Qxf3 Nd4 12. Qd3 Ng4 13. Nc3 Rc8 14. Ba4 Qb6 15. Rf1 Ne5 16. Qd1 Qa6 17. Bb3 Rxc3 18. bxc3 Ne2+ 19. Kh1 Nxc3 20. Qe1 Nd3 21. Qe3 Nxe4 22. Qxe4 Nc5 23. Bc4 Nxe4 24. Bxa6 Bxa1 25. Bxb7 Bd4 26. Be3 Bxe3 27. fxe3 Rb8 28. Bc6 Rb2 29. a4 Kg7 30. Re1 f5 31. h3 Kf6 32. Rc1 Rb3 33. Bb5 Nc5 34. Re1 Ra3 0-1

[Event "Sardaran op 5th"]
[Site "Urmia"]
[Date "2016.07.22"]
[Round "1"]
[White "Fendereski, Nima"]
[Black "Ghaem Maghami, Ehsan"]
[Result "1/2-1/2"]
[WhiteElo "2159"]
[BlackElo "2569"]
[PlyCount "75"]
[EventDate "2016.07.22"]
[EventType "swiss"]
[EventRounds "9"]
[EventCountry "IRI"]
[SourceTitle "CBM 173 Extra"]
[Source "ChessBase"]
[SourceDate "2016.08.29"]
[SourceVersion "1"]
[SourceVersionDate "2016.08.29"]
[SourceQuality "1"]

1. e4 c5 2. Nf3 Nc6 3. Bb5 g6 4. Bxc6 bxc6 5. 0-0 Bg7 6. Re1 d6 7. h3 Nh6 8. c3 0-0 9. d4 cxd4 10. cxd4 f6 11. Nc3 Nf7 12. b3 Bd7 13. Bb2 Qa5 14. Qe2 Qh5 15. Rad1 g5 16. Nh2 Qxe2 17. Rxe2 Rfc8 18. Nf1 c5 19. Nd5 Kf8 20. dxc5 Rxc5 21. Bd4 Rcc8 22. Ree1 Ne5 23. Bxe5 fxe5 24. Rc1 e6 25. Nde3 Rxc1 26. Rxc1 Ke7 27. Nd2 Rc8 28. Rxc8 Bxc8 29. Nb1 Bb7 30. Nc3 Kd7 31. b4 Bf6 32. Kf1 Bd8 33. Ke2 Ba6+ 34. Kd2 Bb6 35. f3 h5 36. a4 Bxe3+ 37. Kxe3 Bc4 38. Nd1 1/2-1/2

[Event "Asian Schools-ch U15 12th Blitz"]
[Site "Tehran"]
[Date "2016.07.16"]
[Round "5.1"]
[White "Torshizi Ghorbani, Mohammad Hoss"]
[Black "Fendereski, Nima"]
[Result "0-1"]
[WhiteElo "1918"]
[BlackElo "2277"]
[PlyCount "118"]
[EventDate "2016.07.16"]
[EventType "swiss"]
[EventRounds "9"]
[EventCountry "IRI"]
[SourceTitle "EXT 2024"]
[Source "ChessBase"]
[SourceDate "2023.10.10"]
[SourceVersion "1"]
[SourceVersionDate "2023.10.10"]
[SourceQuality "1"]

1. e4 c5 2. c3 d5 3. exd5 Qxd5 4. d4 e6 5. Nf3 Nf6 6. Be3 cxd4 7. cxd4 Bd7 8. Nc3 Bb4 9. Be2 Bb5 10. 0-0 Bxc3 11. bxc3 0-0 12. Rc1 Bc4 13. a3 Nbd7 14. Nd2 Nb6 15. Bf3 Qd7 16. Nxc4 Nxc4 17. Qb3 Na5 18. Qa2 Rac8 19. Be2 b5 20. Bd2 Nc4 21. Rb1 Nd5 22. Rfc1 a6 23. a4 Nd6 24. axb5 axb5 25. c4 bxc4 26. Bxc4 Nxc4 27. Rxc4 Rxc4 28. Qxc4 Rc8 29. Qd3 h6 30. h3 Qa4 31. Be3 Qa2 32. Rb7 Qc2 33. Qxc2 Rxc2 34. Rb8+ Kh7 35. Rb7 Kg6 36. g3 Re2 37. Rb3 h5 38. h4 Kf5 39. Kf1 Ra2 40. Rb7 Kg6 41. Rb3 Ra7 42. Ke2 Rc7 43. Kf3 Kf5 44. Rb5 f6 45. Ra5 g5 46. hxg5 fxg5 47. Ra8 g4+ 48. Kg2 Ke4 49. Re8 Rc6 50. Kh2 Nxe3 51. fxe3 Rc2+ 52. Kg1 Kf3 53. Rf8+ Kxg3 54. Kf1 h4 55. e4 h3 56. d5 exd5 57. exd5 h2 58. Rh8 Rc1+ 59. Ke2 h1Q 0-1

[Event "Asian Schools-ch U15 12th Rapid"]
[Site "Tehran"]
[Date "2016.07.10"]
[Round "1.3"]
[White "Fendereski, Nima"]
[Black "Gholami Orimi, Mahdi"]
[Result "1/2-1/2"]
[WhiteElo "2096"]
[BlackElo "1732"]
[PlyCount "87"]
[EventDate "2016.07.10"]
[EventType "swiss"]
[EventRounds "7"]
[EventCountry "IRI"]
[SourceTitle "EXT 2024"]
[Source "ChessBase"]
[SourceDate "2023.10.10"]
[SourceVersion "1"]
[SourceVersionDate "2023.10.10"]
[SourceQuality "1"]

1. e4 e5 2. Nf3 Nc6 3. Bb5 a6 4. Ba4 Nf6 5. 0-0 b5 6. Bb3 Bb7 7. Qe2 Bc5 8. c3 d6 9. Rd1 Qe7 10. Bc2 0-0 11. h3 Rfe8 12. d3 d5 13. Nbd2 dxe4 14. dxe4 Nh5 15. Nb3 Bb6 16. Be3 Nf4 17. Qe1 Qf6 18. Bxb6 cxb6 19. Kh2 Nxh3 20. Kxh3 Qf4 21. g3 Qxf3 22. Rd3 Bc8+ 23. Kh2 Qh5+ 24. Kg1 Bg4 25. Bd1 f5 26. Rd6 Rac8 27. exf5 e4 28. Bxg4 Qxg4 29. Qd1 Qxf5 30. Nd4 Nxd4 31. Qxd4 e3 32. fxe3 Qf3 33. Qd5+ Qxd5 34. Rxd5 Rxe3 35. Kf2 Re6 36. Rad1 Rf8+ 37. Kg1 Re3 38. R5d3 Rxd3 39. Rxd3 Rf6 40. Rd7 h6 41. Kg2 Kh7 42. Ra7 a5 43. Rd7 Rc6 44. Kh3 1/2-1/2

[Event "Asian Schools-ch U15 12th Rapid"]
[Site "Tehran"]
[Date "2016.07.10"]
[Round "6.2"]
[White "Hakemi, Arman"]
[Black "Fendereski, Nima"]
[Result "1/2-1/2"]
[WhiteElo "1964"]
[BlackElo "2096"]
[PlyCount "103"]
[EventDate "2016.07.10"]
[EventType "swiss"]
[EventRounds "7"]
[EventCountry "IRI"]
[SourceTitle "EXT 2024"]
[Source "ChessBase"]
[SourceDate "2023.10.10"]
[SourceVersion "1"]
[SourceVersionDate "2023.10.10"]
[SourceQuality "1"]

1. d4 Nf6 2. Nf3 e6 3. e3 c5 4. Bd3 Nc6 5. 0-0 d5 6. b3 Qc7 7. Bb2 Bd6 8. Nbd2 0-0 9. a3 e5 10. dxe5 Nxe5 11. Nxe5 Bxe5 12. Bxe5 Qxe5 13. Qf3 Bg4 14. Qg3 Qc3 15. Nf3 Rfe8 16. Rfc1 Rac8 17. Ng5 h6 18. Nh7 Nxh7 19. Bxh7+ Kxh7 20. Qxg4 Kg8 21. Qd7 d4 22. Qxb7 dxe3 23. fxe3 Qxe3+ 24. Kh1 Rcd8 25. Rf1 Re7 26. Qf3 Qxf3 27. Rxf3 Rd2 28. c4 Ree2 29. Rg1 Rb2 30. h3 f6 31. b4 cxb4 32. axb4 Rxb4 33. Ra3 Rxc4 34. Rxa7 Rcc2 35. Raa1 Kh7 36. Rae1 Kg6 37. Rxe2 Rxe2 38. Kh2 h5 39. Kg3 Re3+ 40. Kf2 Ra3 41. Rb1 h4 42. Rb4 Kg5 43. Rg4+ Kh6 44. Rxh4+ Kg6 45. Rg4+ Kf7 46. Re4 f5 47. Rb4 Kf6 48. Rc4 g6 49. Rc6+ Kg5 50. Rc4 f4 51. Rc2 Kh4 52. Rb2 1/2-1/2

[Event "Rasht Khazar op 14th"]
[Site "Rasht"]
[Date "2016.02.14"]
[Round "5"]
[White "Morchiashvili, Bachana"]
[Black "Fendereski, Nima"]
[Result "1-0"]
[WhiteElo "2342"]
[BlackElo "2255"]
[PlyCount "57"]
[EventDate "2016.02.11"]
[EventType "swiss"]
[EventRounds "9"]
[EventCountry "IRI"]
[SourceTitle "CBM 170 Extra"]
[Source "ChessBase"]
[SourceDate "2016.02.25"]
[SourceVersion "1"]
[SourceVersionDate "2016.02.25"]
[SourceQuality "1"]

1. d4 Nf6 2. c4 e6 3. Nf3 b6 4. e3 Bb7 5. Nc3 Bb4 6. Bd3 c5 7. 0-0 cxd4 8. exd4 0-0 9. Bg5 Be7 10. Qe2 d5 11. Rad1 Nbd7 12. Rfe1 Rc8 13. cxd5 Nxd5 14. Qe4 f5 15. Qxe6+ Rf7 16. Bxe7 Qxe7 17. Qxd5 Bxd5 18. Rxe7 Rxe7 19. Nxd5 Ree8 20. Bxf5 Rcd8 21. Nc7 Re7 22. Be6+ Kf8 23. Bb3 Rc8 24. Ne6+ Ke8 25. d5 Nc5 26. d6 Rd7 27. Nxc5 Rxc5 28. Ba4 b5 29. b4 1-0

[Event "Abu Dhabi op 23rd"]
[Site "Abu Dhabi"]
[Date "2015.08.30"]
[Round "8"]
[White "Fendereski, Nima"]
[Black "Nezad, Husein Aziz"]
[Result "0-1"]
[WhiteElo "2268"]
[BlackElo "2404"]
[PlyCount "44"]
[EventDate "2015.08.23"]
[EventType "swiss"]
[EventRounds "9"]
[EventCountry "UAE"]
[SourceTitle "EXT 2016"]
[Source "ChessBase"]
[SourceDate "2015.10.08"]
[SourceVersion "1"]
[SourceVersionDate "2015.10.08"]
[SourceQuality "1"]

1. e4 e5 2. Nf3 Nc6 3. Bb5 a6 4. Ba4 Nf6 5. Qe2 b5 6. Bb3 Bc5 7. 0-0 d6 8. c3 0-0 9. d3 h6 10. h3 Rb8 11. Re1 Nh5 12. Nxe5 Nxe5 13. d4 Qh4 14. dxc5 dxc5 15. Bd1 Nf4 16. Bxf4 Qxf4 17. Bc2 Rd8 18. Rd1 Be6 19. Nd2 Bxh3 20. gxh3 Rxd2 21. Rxd2 Nf3+ 22. Kg2 Qh2+ 0-1

[Event "Abu Dhabi op 23rd"]
[Site "Abu Dhabi"]
[Date "2015.08.25"]
[Round "3"]
[White "Shankland, Samuel L"]
[Black "Fendereski, Nima"]
[Result "1-0"]
[WhiteElo "2655"]
[BlackElo "2268"]
[PlyCount "103"]
[EventDate "2015.08.23"]
[EventType "swiss"]
[EventRounds "9"]
[EventCountry "UAE"]
[SourceTitle "EXT 2016"]
[Source "ChessBase"]
[SourceDate "2015.10.08"]
[SourceVersion "1"]
[SourceVersionDate "2015.10.08"]
[SourceQuality "1"]

1. Nf3 c5 2. g3 Nc6 3. Bg2 g6 4. c3 Bg7 5. d4 cxd4 6. cxd4 Qb6 7. e3 d5 8. Nc3 Nf6 9. 0-0 0-0 10. Ne5 Rd8 11. b3 Qa5 12. Nxc6 bxc6 13. Bd2 Qc7 14. Rc1 Ba6 15. Re1 Qb7 16. Na4 Nd7 17. Ba5 Nf6 18. Bd2 Nd7 19. Ba5 Re8 20. Qd2 e6 21. Bb4 Bb5 22. Nc5 Nxc5 23. Bxc5 a5 24. a4 Ba6 25. Rb1 e5 26. dxe5 Bxe5 27. Rec1 Rac8 28. Bd4 Bxd4 29. Qxd4 Rc7 30. Qc3 Qb6 31. Bxd5 c5 32. Rb2 Rec8 33. Rbc2 Bb7 34. Qe5 Bxd5 35. Qxd5 Qa7 36. h4 h5 37. Rc4 Qb6 38. R1c3 Qf6 39. Rd3 Qe7 40. Qd6 Qxd6 41. Rxd6 Rb7 42. Rd5 Rxb3 43. Rdxc5 Rd8 44. Rc8 Rxc8 45. Rxc8+ Kg7 46. Rc5 Ra3 47. Rxa5 Ra2 48. Ra7 Kg8 49. a5 Kg7 50. a6 Kg8 51. e4 Re2 52. Rb7 1-0

[Event "Urmai Sardaran op 4th"]
[Site "Urmia"]
[Date "2015.07.22"]
[Round "1"]
[White "Mirzoev, Azer"]
[Black "Fendereski, Nima"]
[Result "1-0"]
[WhiteElo "2553"]
[BlackElo "2202"]
[PlyCount "130"]
[EventDate "2015.07.22"]
[EventType "swiss"]
[EventRounds "9"]
[EventCountry "IRI"]
[SourceTitle "EXT 2016"]
[Source "ChessBase"]
[SourceDate "2015.10.08"]
[SourceVersion "1"]
[SourceVersionDate "2015.10.08"]
[SourceQuality "1"]

1. d4 Nf6 2. Nf3 e6 3. c4 b6 4. Nc3 Bb4 5. Qb3 c5 6. a3 Bxc3+ 7. Qxc3 Bb7 8. Bg5 h6 9. Bh4 g5 10. Bg3 Ne4 11. Qc2 Nxg3 12. hxg3 Bxf3 13. gxf3 cxd4 14. f4 Nc6 15. Qd2 gxf4 16. Qxf4 Qb8 17. Qd2 Qe5 18. Rd1 Qf6 19. Bg2 e5 20. Qd3 Rc8 21. b4 a5 22. bxa5 bxa5 23. Rb1 Ke7 24. Rb5 Rb8 25. Be4 a4 26. Rh5 Rxb5 27. cxb5 Na5 28. b6 Rc8 29. Kf1 Nc4 30. Kg2 Nxb6 31. Qb5 Nc4 32. Qxa4 Qd6 33. Qb5 Qc5 34. Qa6 Nd6 35. Bf3 Rc7 36. a4 f6 37. Qd3 Qc2 38. Qa3 Qc3 39. Qa2 Qc4 40. Qd2 Qc1 41. Qa5 Qc5 42. Qa8 Rc8 43. Qa6 Qc4 44. Qb6 Qc5 45. Qb1 Qc2 46. Qh1 Nf7 47. a5 Qa2 48. Qh4 Rc5 49. Qe4 Qxa5 50. Qh7 Rc8 51. Qg7 Rh8 52. Rf5 Qb6 53. Bd5 Rf8 54. f4 Qd6 55. Bf3 Qe6 56. Bg4 h5 57. Rxe5 hxg4 58. Rxe6+ dxe6 59. Qxg4 Nd6 60. Qg7+ Rf7 61. Qh8 Rf8 62. Qh5 Nf5 63. g4 Rg8 64. Kf3 Ne3 65. Qc5+ Kf7 1-0

[Event "Yerevan Asrian Memorial 8th"]
[Site "Yerevan"]
[Date "2015.06.17"]
[Round "2"]
[White "Fendereski, Nima"]
[Black "Baghdasaryan, Vahe"]
[Result "0-1"]
[WhiteElo "2180"]
[BlackElo "2402"]
[PlyCount "120"]
[EventDate "2015.06.16"]
[EventType "swiss"]
[EventRounds "9"]
[EventCountry "ARM"]
[SourceTitle "CBM 167 Extra"]
[Source "ChessBase"]
[SourceDate "2015.09.14"]
[SourceVersion "1"]
[SourceVersionDate "2015.09.14"]
[SourceQuality "1"]

1. e4 c5 2. Nf3 d6 3. d4 cxd4 4. Nxd4 Nf6 5. f3 e5 6. Nb3 Nc6 7. c4 a5 8. Be3 a4 9. N3d2 Qa5 10. a3 Be7 11. Nc3 Bd8 12. Nb5 Bb6 13. Nxd6+ Ke7 14. Bxb6 Qxb6 15. Nb5 Rd8 16. Qc2 Nd4 17. Nxd4 Rxd4 18. 0-0-0 Be6 19. Be2 Nd7 20. Nb1 Rc8 21. Nc3 Bxc4 22. Rxd4 Qxd4 23. Bxc4 Rxc4 24. Rd1 Qe3+ 25. Kb1 Ke6 26. Rd3 Qg1+ 27. Ka2 Nc5 28. Rd6+ Ke7 29. Rd1 Rxc3 30. bxc3 Qxh2 31. Qf2 b6 32. Qd2 f6 33. Rb1 Nb3 34. Qf2 h5 35. Qxb6 Qxg2+ 36. Rb2 Qf1 37. Qb4+ Kf7 38. Rb1 Qe2+ 39. Rb2 Qd1 40. Rb1 Nc1+ 41. Ka1 h4 42. Qc4+ Kg6 43. Qe6 Nb3+ 44. Ka2 Qe2+ 45. Rb2 Qxf3 46. Qc6 Kg5 47. Qxa4 Nc1+ 48. Ka1 Nd3 49. Rb1 h3 50. Qa7 g6 51. Qg1+ Kh6 52. Qh2 Nf2 53. Rc1 g5 54. Rc2 Nxe4 55. a4 g4 56. Kb2 Qf1 57. Rc1 Qf2+ 58. Rc2 Qxh2 59. Rxh2 Kg7 60. Rh1 g3 0-1